KEĎ DETI MUSIA ODPÚŠŤAŤ RODIČOM

Bibliographic Details
Main Author: Vaňková, Dobromila Iva, 1925-2019 (Author)
Format: Article
Language:Slovak

MARC

LEADER 00000nab a2200000 a 4500
001 vtls011102776
003 SK-MaSNL
005 20260303150107.0
008 230222|1962 xo |||||||||||||||||slo|
015 |a SNBRB 
035 |a (uuid)bcc8988e-707b-41d5-aa94-aaba8fd8d70a 
035 |a (urnnbn)urn:nbn:sk:snk:ar-a082lk 
035 |a urn:nbn:sk:snk-ab99cu 
040 |a SNKBUCL  |b slo  |c SNKBUCL  |e AACR2 
041 0 |a slo 
044 |a xo  |c SK 
100 1 |a Vaňková, Dobromila Iva,  |d 1925-2019  |4 aut  |9 210659 
245 1 0 |a KEĎ DETI MUSIA ODPÚŠŤAŤ RODIČOM  |c Iva Vaňková 
773 0 |t Svet vedy : populárnovedecký mesačník SAV a Čs. spoločnosti pre šírenie politických a vedeckých poznatkov  |g Roč. 9, č. 9 (1962), s. 523-528 
954 |a odborná, vedecká literatúra pôvodná (slovenská)  |2 lita 
958 |a OND 
958 |a EUIPO 
958 |a article13 
999 |c 2007671  |d 2009601